Proceso Histórico de Vilcabamba / (Record no. 22776)

000 -CABECERA
fixed length control field 00932nam a22002537i 4500
003 - IDENTIFICADOR DEL NÚMERO DE CONTROL
control field AR-CdUCM
008 - DATOS DE LONGITUD FIJA--INFORMACIÓN GENERAL
fixed length control field 240131b20212021pe ||||| |||| 00| 0 spa d
040 ## - FUENTE DE LA CATALOGACIÓN
Agencia/entidad que catalogó originalmente la obra MUNICIPALIDAD PROVINCIAL DEL CUSCO
Entidad que transcribió la catalogación BIBLIOTECA MUNICIPAL DEL CUSCO
082 ## - NÚMERO DE LA CLASIFICACIÓN DECIMAL DEWEY
No. de Clasificación 985.613 / C251
Notacion interna C251
100 ## - ENTRADA PRINCIPAL--NOMBRE DE PERSONA
Nombre Personal Canal Ontón, Rufino David
245 ## - MENCIÓN DE TÍTULO
Título Proceso Histórico de Vilcabamba /
260 ## - PUBLICACIÓN, DISTRIBUCIÓN, ETC.
Lugar de publicación, distribución, etc. La Convención-Cusco :
Fecha de publicación, distribución, etc. 2021
300 ## - DESCRIPCIÓN FÍSICA
Nº de Páginas Extensión 352 páginas. :
Dimensiones 20 cm.
500 ## - NOTA GENERAL
Bibliografía Bibliografía: páginas 349-352
505 ## - NOTA DE CONTENIDO CON FORMATO
Nota de contenido formateada Manco Inka la primera gesta emancipadora -- La rebelión continua, Tito Kusi Yupanki -- Vilcabamba en la época republicana -- Las rutas de Manco Inka.
650 ## - PUNTO DE ACCESO ADICIONAL DE MATERIA--TÉRMINO DE MATERIA
Descriptor Los inkas de Vilcabamba
9 (RLIN) 49400
650 ## - PUNTO DE ACCESO ADICIONAL DE MATERIA--TÉRMINO DE MATERIA
Descriptor Época colonial
9 (RLIN) 49401
650 ## - PUNTO DE ACCESO ADICIONAL DE MATERIA--TÉRMINO DE MATERIA
Descriptor Época republicana
9 (RLIN) 202
650 ## - PUNTO DE ACCESO ADICIONAL DE MATERIA--TÉRMINO DE MATERIA
Descriptor Tisoq Inka
9 (RLIN) 49402
650 ## - PUNTO DE ACCESO ADICIONAL DE MATERIA--TÉRMINO DE MATERIA
Descriptor Batalla de Huancayo
9 (RLIN) 49403
942 ## - ELEMENTOS DE PUNTO DE ACCESO ADICIONAL (KOHA)
Fuente de clasificación
Tipo de item Libros-BMC
945 ## - PROCESAMIENTO DE INFORMACIÓN LOCAL (OCLC)
Catalogador pbj
AAAA-MM-DD - Fecha de ingreso o modificacion 31-01-24
Holdings
Estado de retiro (separado) Fuente de clasificación o esquema de estanterías Estado dañado Ubicación Sala donde se ubica Nombre de la colección Fecha de adquisición o compra Fuente de adquisición Costo, precio normal en soles Signatura topográfica Código de Barras Última vez visto (Koha) Tipo de ítem (Koha)
No     Sala Humanidades Sala Humanidades Book Cart 2024-01-31 Depósito Legal 20.00 985.613 / C251 SH0000016596 2024-01-31 Libros-BMC

Powered by Koha